• 首页
  • 本馆介绍
  • 公告通知
  • 最新文献
  • 馆藏检索
  • 电子资源
  • 读者导购
  • 参考咨询
  • 我的图书馆
  • 登录
  • 详细信息显示
  • 放入我的书架
  • 预约/预借图书
  • 作者相关作品
  • 分类相关作品
  • 丛书相关作品
  • 出版社相关作品

书目信息

  • 表格格式
  • 工作单格式
  • 卡片格式
题名:
读书
    
 
作者: ;《读书》编辑部 编
分册: 1979  
出版信息: 北京   三联书店  1979
页数: 160页
开本: 19cm
丛书名:
单 册:
中图分类: Z62
科图分类:
主题词: 期刊--中国 , 连续出版物--中国
电子资源:
ISBN:
000 00542nam0 2200205 45
001 0306191196
005 20060911112710.15
010    @dCNY0.37
100    @a20030619d1979 km y0chiy0120 ea
101 0  @achi
105    @aa z 000yy
200 1  @a读书@ADu Shu@h1979@h5@f《读书》编辑部编@F《Du Shu》Bian Ji Bu Bian
210    @a北京@c三联书店@d1979
215    @a160页@c插图@d19cm
606 0  @a期刊@x中国
606 0  @a连续出版物@x中国
690    @aZ62@v3
711 02 @a《读书》编辑部@4编
801    @aCN@bTSTC@c20060911
905    @dZ62@e6(5/79)
    
    读书.1979.5/《读书》编辑部编.-北京:三联书店,1979
    160页:插图;19cm
    
    
    ISBN :CNY0.37
    
●
相关链接 在E读中查询图书 在五车中查询图书 在当当中查询图书 在豆瓣中查询图书


正题名:读书     索取号:Z62/6(5/79)         预约/预借

序号 登录号 条形码 馆藏地/架位号 状态 备注
1 0471964   204719643   密集书库/ [索取号:Z62/6(5/79)] 在馆    
唐山师范学院图书馆 欢迎您!
大连网信软件有限公司© 版权所有